| 000 | 00416nam a2200157 a 4500 | ||
|---|---|---|---|
| 005 | 20140310183322.0 | ||
| 008 | 060302s19uu xx 00 eng d | ||
| 020 | _a0553574957 | ||
| 050 |
_aPS 3619 _b.M329 1997 |
||
| 100 | _aMargolin, Phillip | ||
| 245 |
_aThe burning man / _cPhillip Margolin. |
||
| 260 |
_aNew York : _bBantam Books, _c1997. |
||
| 300 |
_a370 p. : _c17 cm. |
||
| 942 |
_cBK _2lcc |
||
| 999 |
_c21422 _d21422 |
||